000 00756nam a2200217 a 4500
001 0698
005 20140414132144.0
008 040927s19uu xx 00 eng d
020 _a0-439-04610-6
050 _aKIT (LCER) 813.54
_bC16 1999
100 _aCanizares, Susan
245 _aTedd and Huggly /
_cSusan Canizares, Samantha Berger.
260 _aNew York :
_bScholastic,
_c1999.
300 _ap. ; cm.
440 _aLearning center emergent readers
520 _aExamines the daily activities of author-illustrator Tedd Arnold and his creation Huggly, a little monster.
650 _aArnold, Tedd
_xJuvenile literature.
650 _aAuthor's American
_x20th century
_xBiography
_xJuvenile literature.
999 _c115393
_d115393